000 00656nam a22001817a 4500
003 UA-OsUOA
001 12011
007 ta
008 20050414b un ||||| |||| 00| 0 ukr d
100 _aІсаєва Т.
942 _cSA
040 _aUA-OsUOA
_cUA-OsUOA
_dUA-OsUOA
245 _aСпорт стане доступний усім
_b[Новим начальником упр. спорту, фіз. культури та туризму облдержадмін. призначено А. Гірака]
300 _aС.1
955 _a0
773 0 _w0
_tВісті Рівненщини
_dРівне
_d2005
_g№26/6 квіт./
650 7 _aГірак А.
_2UDC
999 _c298172
_d298172